<?xml version="1.0" encoding="UTF-8"?>
<record
    xmlns:xsi="http://www.w3.org/2001/XMLSchema-instance"
    xsi:schemaLocation="http://www.loc.gov/MARC21/slim http://www.loc.gov/standards/marcxml/schema/MARC21slim.xsd"
    xmlns="http://www.loc.gov/MARC21/slim">

  <leader>01068cam a2200361 ib4500</leader>
  <controlfield tag="001">496848</controlfield>
  <controlfield tag="003">YEEZEN</controlfield>
  <controlfield tag="005">20260112140123.0</controlfield>
  <controlfield tag="008">250513s2024    ch     g  b   000 1 chi d</controlfield>
  <datafield tag="020" ind1=" " ind2=" ">
    <subfield code="a">9789573342076</subfield>
    <subfield code="q">(&#x5E73;&#x88DD;) :</subfield>
    <subfield code="c">NT$360</subfield>
  </datafield>
  <datafield tag="040" ind1=" " ind2=" ">
    <subfield code="a">NHU</subfield>
    <subfield code="b">chi</subfield>
    <subfield code="e">CCR</subfield>
    <subfield code="c">NHU</subfield>
  </datafield>
  <datafield tag="041" ind1="1" ind2=" ">
    <subfield code="a">chi</subfield>
    <subfield code="h">jpn</subfield>
  </datafield>
  <datafield tag="042" ind1=" " ind2=" ">
    <subfield code="a">nbic</subfield>
  </datafield>
  <datafield tag="084" ind1=" " ind2=" ">
    <subfield code="a">861.57</subfield>
  </datafield>
  <datafield tag="090" ind1=" " ind2=" ">
    <subfield code="a">861.57</subfield>
  </datafield>
  <datafield tag="100" ind1="1" ind2=" ">
    <subfield code="a">&#x6749;&#x4E95;&#x5149;</subfield>
    <subfield code="e">&#x8457;</subfield>
  </datafield>
  <datafield tag="245" ind1="1" ind2="0">
    <subfield code="a">&#x4E16;&#x754C;&#x4E0A;&#x6700;&#x900F;&#x660E;&#x7684;&#x6545;&#x4E8B; /</subfield>
    <subfield code="c">&#x6749;&#x4E95;&#x5149;&#x8457; ; &#x7C21;&#x6377;&#x8B6F;</subfield>
  </datafield>
  <datafield tag="246" ind1="1" ind2=" ">
    <subfield code="i">&#x5C01;&#x9762;&#x82F1;&#x6587;&#x984C;&#x540D;:</subfield>
    <subfield code="a">The clearest story in the word.</subfield>
  </datafield>
  <datafield tag="250" ind1=" " ind2=" ">
    <subfield code="a">&#x521D;&#x7248;</subfield>
  </datafield>
  <datafield tag="260" ind1=" " ind2=" ">
    <subfield code="a">&#x81FA;&#x5317;&#x5E02; :</subfield>
    <subfield code="b">&#x7687;&#x51A0;&#x6587;&#x5316;,</subfield>
    <subfield code="c">2024.10</subfield>
  </datafield>
  <datafield tag="300" ind1=" " ind2=" ">
    <subfield code="a">235, [2]&#x9762; ;</subfield>
    <subfield code="c">21&#x516C;&#x5206;</subfield>
  </datafield>
  <datafield tag="490" ind1="1" ind2=" ">
    <subfield code="a">&#x7687;&#x51A0;&#x53E2;&#x66F8; ;</subfield>
    <subfield code="v">&#x7B2C;5186&#x7A2E;</subfield>
  </datafield>
  <datafield tag="490" ind1="1" ind2=" ">
    <subfield code="a">&#x5927;&#x8CDE; ;</subfield>
    <subfield code="v">169.</subfield>
  </datafield>
  <datafield tag="500" ind1=" " ind2=" ">
    <subfield code="a">&#x8B6F;&#x81EA;:&#x4E16;&#x754C;&#x3067;&#x3044;&#x3061;&#x3070;&#x3093;&#x900F;&#x304D;&#x3068;&#x304A;&#x3063;&#x305F;&#x7269;&#x8A9E;</subfield>
  </datafield>
  <datafield tag="504" ind1=" " ind2=" ">
    <subfield code="a">&#x542B;&#x53C3;&#x8003;&#x66F8;&#x76EE;</subfield>
  </datafield>
  <datafield tag="650" ind1=" " ind2="7">
    <subfield code="2">lcstt</subfield>
    <subfield code="a">&#x5C0F;&#x8AAA;</subfield>
  </datafield>
  <datafield tag="650" ind1=" " ind2="7">
    <subfield code="2">lcstt</subfield>
    <subfield code="a">&#x65E5;&#x672C;&#x6587;&#x5B78;</subfield>
  </datafield>
  <datafield tag="700" ind1="1" ind2=" ">
    <subfield code="a">&#x7C21;&#x6377;</subfield>
    <subfield code="e">&#x8B6F;</subfield>
  </datafield>
  <datafield tag="740" ind1="0" ind2=" ">
    <subfield code="a">&#x4E16;&#x754C;&#x3067;&#x3044;&#x3061;&#x3070;&#x3093;&#x900F;&#x304D;&#x3068;&#x304A;&#x3063;&#x305F;&#x7269;&#x8A9E;</subfield>
  </datafield>
  <datafield tag="830" ind1=" " ind2="0">
    <subfield code="a">&#x7687;&#x51A0;&#x53E2;&#x66F8; ;</subfield>
    <subfield code="v">&#x7B2C;5186&#x7A2E;</subfield>
  </datafield>
  <datafield tag="830" ind1=" " ind2="0">
    <subfield code="a">&#x5927;&#x8CDE; ;</subfield>
    <subfield code="v">169.</subfield>
  </datafield>
  <datafield tag="942" ind1=" " ind2=" ">
    <subfield code="2">ccl</subfield>
    <subfield code="c">BOOK</subfield>
  </datafield>
  <datafield tag="999" ind1=" " ind2=" ">
    <subfield code="c">7685</subfield>
    <subfield code="d">7685</subfield>
  </datafield>
  <datafield tag="952" ind1=" " ind2=" ">
    <subfield code="0">0</subfield>
    <subfield code="1">0</subfield>
    <subfield code="2">ccl</subfield>
    <subfield code="4">0</subfield>
    <subfield code="7">0</subfield>
    <subfield code="a">yeezen</subfield>
    <subfield code="b">yeezen</subfield>
    <subfield code="c">YEEZEN</subfield>
    <subfield code="d">2026-01-12</subfield>
    <subfield code="l">4</subfield>
    <subfield code="m">3</subfield>
    <subfield code="o">861.57</subfield>
    <subfield code="p">C03271</subfield>
    <subfield code="q">2026-05-06</subfield>
    <subfield code="r">2026-04-08 00:00:00</subfield>
    <subfield code="s">2026-04-08</subfield>
    <subfield code="w">2026-01-12</subfield>
    <subfield code="y">BOOK</subfield>
    <subfield code="z">&#x300C;&#x5728;&#x6211;&#x7684;&#x95B1;&#x8B80;&#x751F;&#x6DAF;&#x4E2D;&#xFF0C;&#x53EA;&#x6709;&#x4E00;&#x672C;&#x66F8;&#x5728;&#x95B1;&#x8B80;&#x5B8C;&#x5F8C;&#x8B93;&#x6211;&#x5FB9;&#x5E95;&#x76EE;&#x77AA;&#x53E3;&#x5446;&#x3002;&#x6211;&#x60F3;&#x5E36;&#x7D66;&#x8B80;&#x8005;&#x50CF;&#x90A3;&#x672C;&#x66F8;&#x4E00;&#x6A23;&#x7D14;&#x7CB9;&#x53C8;&#x5F37;&#x70C8;&#x7684;&#x95B1;&#x8B80;&#x300E;&#x9AD4;&#x3000;&#x9A57;&#x300F;&#x3002;&#x70BA;&#x6B64;&#xFF0C;&#x6211;&#x5C07;&#x9019;&#x500B;&#x9EDE;&#x5B50;&#x5BEB;&#x6210;&#x4E86;&#x6545;&#x4E8B;&#xFF0C;&#x4E26;&#x900F;&#x904E;&#x8A31;&#x591A;&#x4EBA;&#x7684;&#x5354;&#x52A9;&#xFF0C;&#x8B8A;&#x6210;&#x4E86;&#x4E00;&#x672C;&#x66F8;&#x3002;</subfield>
  </datafield>
</record>
